Tous les personnages Mario et Sonic aux JO de Tokyo - Statistiques

Statistiques générales
  • Ce quiz a été pris 66 fois
  • Le résultat moyen est 21 sur 32
Statistiques - réponses
Personnages Univers Mario Personnages % Correct
Personnages Univers Mario Mario
98%
Personnages Univers Sonic Sonic
98%
Personnages Univers Mario Luigi
96%
Personnages Univers Mario Peach
92%
Personnages Univers Mario Daisy
90%
Personnages Univers Sonic Shadow
87%
Personnages Univers Mario Bowser
85%
Personnages Univers Sonic Amy
83%
Personnages Univers Mario Yoshi
83%
Personnages Univers Mario Donkey Kong
81%
Personnages Univers Mario Wario
81%
Personnages Univers Sonic Knuckles
79%
Personnages Univers Mario Waluigi
79%
Personnages Univers Sonic Dr Eggman
77%
Personnages Univers Mario Diddy Kong
71%
Personnages Univers Mario Bowser Jr
69%
Personnages Univers Sonic Blaze
67%
Personnages Univers Sonic Silver
67%
Personnages Univers Sonic Vector
67%
Personnages Univers Sonic Metal Sonic
65%
Personnages Univers Mario Harmonie
63%
Personnages Univers Mario Toadette
54%
Personnages Univers Sonic Rouge
50%
Personnages Univers Sonic Espio
44%
Personnages Univers Mario Wendy
44%
Personnages Univers Sonic Zazz
42%
Personnages Univers Sonic Eggman Nega
40%
Personnages Univers Sonic Jet
40%
Personnages Univers Mario Larry
37%
Personnages Univers Sonic Zavok
35%
Personnages Univers Mario Ludwig
25%
Personnages Univers Sonic Tales
12%
Aucun quiz correspondant
Distribution des résultats
% des personnes avec chaque résultat
Percentile par nombre de réponses
Votre historique - résultats
Vous n’avez pas pris ce quiz